[Event "Knightworm78 v Dreadnoughts No 1"]
[Site "SchemingMind.com"]
[Date "2014.04.29"]
[Round "-"]
[White "gatoss"]
[Black "emvarela"]
[Result "0-1"]
[WhiteCountry "ITA"]
[BlackCountry "ARG"]
[WhiteElo "1435"]
[WhiteRD "58"]
[BlackElo "1741"]
[BlackRD "54"]
[GameID "357521"]

1. d4 Nf6 2. c4 e6 3. Nc3 Bb4 4. Qc2 d5 5. e3 O-O 6. a3 Bxc3+ 7. Qxc3 dxc4 8. Qxc4 Bd7 9. Nf3 a6 10. b4 Bb5
11. Qb3 Bxf1 12. Rxf1 Nbd7 13. Bb2 b5 14. Rd1 Nb6 15. Ne5 Qd5 16. Qc2 Qxg2 17. Ke2 Qb7 18. Rg1 Nfd7 19. Nxd7 Nxd7 20. d5 e5
21. Rg3 g6 22. h4 Rae8 23. h5 Nf6 24. hxg6 fxg6 25. Rxg6+ Kh8 26. Rh6 Rf7 27. d6 cxd6 28. Rxd6 Ng4 29. Rh4 Rxf2+
0-1